000 01492cam a22003977a 4500
999 _c22417
_d22417
001 15292373
005 20170124103033.0
008 080507s2007 gw a 001 0dger
010 _a 2008273657
015 _aGBA794287
_2bnb
016 7 _a014054758
_2Uk
020 _a9783791337593
020 _a3791337599
035 _a(OCoLC)ocn181925132
040 _aUKM
_cUKM
_dBAKER
_dYDXCP
_dEMU
_dDLC
041 0 _ager
_aeng
042 _aukscp
_alccopycat
043 _ae-gx---
050 0 0 _aN5267
_b.S56J35 2007
245 0 0 _aJames Simon :
_bPhilanthrop und Kunstmäzen = philanthropist and patron of the arts /
_cherausgegeben von Bernd Schultz ; essays von Olaf Matthes, Bernd Schultz ; beiträge von Herbert Butz ... [et al.] ; übersetzt von Dayna Sadow.
250 _a2., überarbeitete Aufl.
260 _aMünchen ;
_aNew York :
_bPrestel,
_c2007.
300 _a158 p. :
_bill. (some col.) ;
_c31 cm.
500 _aIncludes indexes.
546 _aGerman and English.
600 1 0 _aSimon, James,
_d1851-1932.
650 0 _aArt donors
_zGermany
_zBerlin.
650 1 0 _aPhilanthropists
_zGermany
_zBerlin.
650 0 _aArt
_zGermany
_zBerlin.
700 1 _aSchultz, Bernd.
700 1 _aMatthes, Olaf,
_d1965-
700 1 _aButz, Herbert.
942 _2lcc
_cBOOKS
_hN5265 .S56J35 2007